000 01410nam a2200361 i 4500
001 195555
003 SpMaBN
005 20250712063143.0
008 240619s1990 sp | |||| ||spa d
016 7 _abimoBNE19930952567
_zCHM920012365
_2SpMaBN
017 _aM 19710-1990
_bOficina Depósito Legal Madrid
020 _a8487510051
035 _a(OCoLC)626422121
040 _aSpMaBN
_bspa
_cCHM
_dES-MaACL
080 _a658.8(035)
100 _aMolero Ayala, Víctor Manuel
_0XX1054920
_9237140
_eaut
245 1 0 _aManual para la excelencia comercial :
_bla venta paso a paso /
_cVíctor M. Molero Ayala.
260 _aMadrid :
_bEdiciones de las Ciencias Sociales,
_c1990.
300 _a183 páginas ;
_c23 cm
336 _2rdacontent
_atexto
337 _2rdamedia
_asin mediación
338 _2rdacarrier
_avolumen
490 1 _aComunicación (Ediciones de las Ciencias Sociales)
650 4 _aVenta
_2embne
_917760
852 _aES-MaACL
_jN-10047
_hDonación: Helena de la Joya
_xEncuadernación cartoné con sobrecuebierta
_cDEPOJ
_9206194
903 _aJoya, Helena de la
_ednr
942 _cMONOGRAFIA
_n0
999 _c195555
_d195555